000 00274nam a22001217a 4500
020 _a0-471-29606-6
082 _a620.104 GIN'E
100 _aGENIN, J,GINSBERG, J.H
_974089
245 _aDYNAMICS
260 _aUSA
_bKINGS PORT PRES
_c1977
300 _aXI,553P
942 _cBK
999 _c579665
_d579665